¡Qué raros son los mayores! /
¿Por qué Laia no va a casa de los abuelos como todos los días? ¿Por qué la dejan en aquella casa tan extraña? Laia no entiende nada. ¡Qué raros son los mayores!
Guardado en:
| Autor Principal: | |
|---|---|
| Otros Autores: | |
| Formato: | Libro |
| Idioma: | Undetermined |
| Publicado: |
Madrid :
SM,
1998.
|
| Edición: | 4a ed. |
| Series: | El barco de vapor. Los piratas ;
28 |
| Materias: | |
| Etiquetas: |
Agregar Etiqueta
Sin Etiquetas, Sea el primero en etiquetar este registro!
|
| LEADER | 00874nam a22002295a 4500 | ||
|---|---|---|---|
| 001 | CEM.cems020770 | ||
| 008 | 240215s1998####sp############000#0#und#d | ||
| 005 | 20240220112732.0 | ||
| 245 | 1 | 0 | |a ¡Qué raros son los mayores! / |c Antoni Dalmases ; ilustrado por María Espluga. |
| 250 | |a 4a ed. | ||
| 260 | |a Madrid : |b SM, |c 1998. | ||
| 300 | |a 30 p. | ||
| 490 | 1 | |a El barco de vapor. Los piratas ; |v 28 | |
| 500 | |a Para empezar a leer. | ||
| 520 | |a ¿Por qué Laia no va a casa de los abuelos como todos los días? ¿Por qué la dejan en aquella casa tan extraña? Laia no entiende nada. ¡Qué raros son los mayores! | ||
| 020 | |a 8434861933 | ||
| 100 | 1 | |a Dalmases, Antoni. | |
| 700 | 1 | |a Espluga, María; il. | |
| 653 | |a Literatura catalana | ||
| 653 | |a Literatura infantil | ||
| 653 | |a Novela infantil | ||
| 859 | |a CEMS |b BIB. CEMS - Inicial y Primaria |h 849.9 |i D168 |k IP |p 6768 |t Ej. 1 | ||
